| Tag |
First Indicator |
Second Indicator |
Subfields |
| LEADER |
00000pam a2200000 a 4500 |
| 001 |
in00000081416 |
| 005 |
20210821063336.0 |
| 008 |
810929s1982 nyu b 00110 eng |
| 010 |
|
|
|a 81017083
|
| 020 |
|
|
|a 0876302894
|
| 035 |
|
|
|a (OCoLC)07875609
|
| 035 |
|
|
|9 AAJ7239AM
|
| 039 |
0 |
|
|a 2
|b 3
|c 3
|d 3
|e 3
|
| 040 |
|
|
|a DLC
|c DLC
|d TXA
|d UtOrBLW
|
| 049 |
|
|
|a TXAM
|c [1272382]
|
| 050 |
0 |
0 |
|a RC489.L6
|b W43
|
| 060 |
|
0 |
|a WM 420 W395p
|
| 082 |
0 |
|
|a 616.89/14
|2 19
|
| 100 |
1 |
|
|a Weeks, Gerald R.,
|d 1948-
|
| 245 |
1 |
0 |
|a Paradoxical psychotherapy :
|b theory and practice with individuals, couples, and families /
|c Gerald R. Weeks and Luciano L'Abate.
|
| 264 |
|
1 |
|a New York :
|b Brunner/Mazel,
|c [1982]
|
| 264 |
|
4 |
|c ©1982
|
| 300 |
|
|
|a xii, 268 pages ;
|c 24 cm.
|
| 336 |
|
|
|a text
|b txt
|2 rdacontent
|
| 337 |
|
|
|a unmediated
|b n
|2 rdamedia
|
| 338 |
|
|
|a volume
|b nc
|2 rdacarrier
|
| 500 |
|
|
|a Includes index.
|
| 504 |
|
|
|a Bibliography: pages 253-259.
|
| 650 |
|
0 |
|a Paradoxical psychotherapy.
|
| 650 |
|
0 |
|a Logotherapy.
|
| 650 |
|
2 |
|a Psychological Theory.
|
| 650 |
|
2 |
|a Psychotherapy
|x methods.
|
| 700 |
1 |
|
|a L'Abate, Luciano,
|d 1928-2016.
|
| 999 |
|
|
|a MARS
|
| 999 |
f |
f |
|s 79d5d85e-7bd3-3958-9e32-c85709812a0b
|i 31d31a0f-7771-37fc-bc77-be4bad70d17f
|t 0
|
| 952 |
f |
f |
|p ric
|a Texas A&M University
|b Rellis Campus
|c Joint Library Facility
|d Remote Storage
|t 0
|e RC489.L6 W43
|h Library of Congress classification
|i unmediated -- volume
|m A14806230210
|
| 998 |
f |
f |
|a RC489.L6 W43
|t 0
|l Remote Storage
|